Design exception practices : (Record no. 529779)

000 -LEADER
fixed length control field 01297cam a22003374a 4500
001 - CONTROL NUMBER
control field 13193700
003 - CONTROL NUMBER IDENTIFIER
control field NUST
005 - DATE AND TIME OF LATEST TRANSACTION
control field 20191003110101.0
008 - FIXED-LENGTH DATA ELEMENTS--GENERAL INFORMATION
fixed length control field 030509s2003 dcua b f000 0 eng
010 ## - LIBRARY OF CONGRESS CONTROL NUMBER
LC control number 2003106782
020 ## - INTERNATIONAL STANDARD BOOK NUMBER
International Standard Book Number 0309069645
035 ## - SYSTEM CONTROL NUMBER
System control number (DLC) 2003106782
038 ## - RECORD CONTENT LICENSOR
Staff Name MSOHAIL
040 ## - CATALOGING SOURCE
Original cataloging agency DLC
Transcribing agency DLC
Modifying agency DLC
042 ## - AUTHENTICATION CODE
Authentication code pcc
043 ## - GEOGRAPHIC AREA CODE
Geographic area code n-us---
050 00 - LIBRARY OF CONGRESS CALL NUMBER
Classification number TE175
Item number .M315 2003
082 00 - DEWEY DECIMAL CLASSIFICATION NUMBER
Classification number 625.7250973
Edition number 22
100 1# - MAIN ENTRY--PERSONAL NAME
Personal name Mason, John M.
Fuller form of name (John Michael),
Dates associated with a name 1950-
9 (RLIN) 22572
245 10 - TITLE STATEMENT
Title Design exception practices :
Remainder of title a synthesis of highway practice /
Statement of responsibility, etc. consultants, John M. Mason, Jr. and Kevin M Mahoney.
260 ## - PUBLICATION, DISTRIBUTION, ETC.
Place of publication, distribution, etc. Washington, DC :
Name of publisher, distributor, etc. Transportation Research Board,
Date of publication, distribution, etc. 2003.
300 ## - PHYSICAL DESCRIPTION
Extent 82 p. :
Other physical details ill. ;
Dimensions 28 cm.
490 1# - SERIES STATEMENT
Series statement NCHRP synthesis,
International Standard Serial Number 0547-5570 ;
Volume/sequential designation 316
504 ## - BIBLIOGRAPHY, ETC. NOTE
Bibliography, etc. note Includes bibliographical references.
650 #0 - SUBJECT ADDED ENTRY--TOPICAL TERM
Topical term or geographic name entry element Roads
Geographic subdivision United States
General subdivision States
-- Design and construction.
9 (RLIN) 22573
700 1# - ADDED ENTRY--PERSONAL NAME
Personal name Mahoney, Kevin M.
9 (RLIN) 22574
830 #0 - SERIES ADDED ENTRY--UNIFORM TITLE
Uniform title Synthesis of highway practice ;
Volume/sequential designation 316.
9 (RLIN) 22575
906 ## - LOCAL DATA ELEMENT F, LDF (RLIN)
a 7
b cbc
c orignew
d 2
e epcn
f 20
g y-gencatlg
942 ## - ADDED ENTRY ELEMENTS (KOHA)
Source of classification or shelving scheme
Koha item type Book
Holdings
Withdrawn status Lost status Source of classification or shelving scheme Damaged status Not for loan Permanent Location Current Location Date acquired Total Checkouts Full call number Barcode Date last seen Price effective from Koha item type
          School of Civil and Environmental Engineering (SCEE) School of Civil and Environmental Engineering (SCEE) 10/03/2019   625.7250973 NIT-11126 10/03/2019 10/03/2019 Book
© 2023 Central Library, National University of Sciences and Technology. All Rights Reserved.